000 00444nam a2200157Ia 4500
008 210716s2019 xx 000 0 und d
020 _a9788126562930
041 _aeng
082 _a332.6 JONC
100 _aJones, Charles P.
245 _aInvestments: principles and concepts.
_bPrinciples and concepts.
250 _a12
260 _aNew Delhi
_bWILEY
_c2019
300 _axviii,638
650 _aInvestment Analysis & Portfolio Management
999 _c211549
_d211549